000 00453nam a2200181Ia 4500
001 19520
005 20260306172659.0
008 260306t2012||||xx |||||||||||||| ||spa||
041 _aESP
082 _a340.1
_bH46
100 _aHerrera, Daniel Alejandro
_eAUT
245 0 _aLa persona y el fundamento de los derechos humanos
260 _c2012
300 _a549 páginas :
_c23 cm.
650 _aGEN
654 _aCDE
942 _cLIB
_dJUS
_fJUS
_2ddc
_n
999 _c19520
_d19520